000 00730nam a2200289Ia 4500
005 20260324121628.0
008 008 260324s9999 xx 000 0 eng d
020 _a9780203583937
037 _aEBOOK
040 _aCRL
040 _beng
040 _cCRL
041 _2eng
041 _aeng
084 _qCRL
100 _aBlake Hudson
_91163250
245 0 _aConstitutions and the Commons
245 4 _bThe Impact of Federal Governance on Local, National, and Global Resource Management
260 _bTaylor and Francis
260 _c2014
365 _a
365 _b220
856 _uhttp://www.taylorfrancis.com/books/9780203583937
942 _cEBOOK
999 _c1755484
_d1755484